| 000 -LEADER |
| fixed length control field |
00936cam a2200313 a 4500 |
| 001 - CONTROL NUMBER |
| control field |
335781 |
| 003 - CONTROL NUMBER IDENTIFIER |
| control field |
OCoLC |
| 005 - DATE AND TIME OF LATEST TRANSACTION |
| control field |
20250221084052.0 |
| 008 - FIXED-LENGTH DATA ELEMENTS--GENERAL INFORMATION |
| fixed length control field |
870508s1985 nyu 001 0 eng |
| 010 ## - LIBRARY OF CONGRESS CONTROL NUMBER |
| LC control number |
87012291 |
| 020 ## - INTERNATIONAL STANDARD BOOK NUMBER |
| International Standard Book Number |
9780195050813 |
| Qualifying information |
(pbk., 1987) |
| 020 ## - INTERNATIONAL STANDARD BOOK NUMBER |
| International Standard Book Number |
9780195001990 |
| Qualifying information |
(hbk., 1985) |
| 035 ## - SYSTEM CONTROL NUMBER |
| System control number |
00393443 |
| 040 ## - CATALOGING SOURCE |
| Original cataloging agency |
NTPU |
| Transcribing agency |
KH8 |
| 042 ## - AUTHENTICATION CODE |
| Authentication code |
nbic |
| 082 0# - DEWEY DECIMAL CLASSIFICATION NUMBER |
| Classification number |
909 TOY |
| 090 ## - LOCALLY ASSIGNED LC-TYPE CALL NUMBER (OCLC); LOCAL CALL NUMBER (RLIN) |
| Classification number (OCLC) (R) ; Classification number, CALL (RLIN) (NR) |
909/T668/v.2///UM065859 |
| 100 1# - MAIN ENTRY--PERSONAL NAME |
| Personal name |
Toynbee, Arnold Joseph, |
| Dates associated with a name |
1889-1975 , |
| Relator term |
author. |
| 245 12 - TITLE STATEMENT |
| Title |
A study of history / |
| Statement of responsibility, etc. |
Arnold J. Toynbee. |
| 260 ## - PUBLICATION, DISTRIBUTION, ETC. |
| Place of publication, distribution, etc. |
New York : |
| Name of publisher, distributor, etc. |
Oxford University Press, |
| Date of publication, distribution, etc. |
c1985. |
| 300 ## - PHYSICAL DESCRIPTION |
| Extent |
xii, 414 p. ; |
| Dimensions |
21 cm. |
| 500 ## - GENERAL NOTE |
| General note |
Includes index. |
| 500 ## - GENERAL NOTE |
| General note |
First issued as an Oxford University Press paperback, 1987. |
| 650 #0 - SUBJECT ADDED ENTRY--TOPICAL TERM |
| Topical term or geographic name entry element |
Civilization. |
| 650 #0 - SUBJECT ADDED ENTRY--TOPICAL TERM |
| Topical term or geographic name entry element |
History |
| General subdivision |
Philosophy. |
| 653 ## - INDEX TERM--UNCONTROLLED |
| Uncontrolled term |
Civilizations. |
| 700 1# - ADDED ENTRY--PERSONAL NAME |
| Personal name |
Somervell, D. C. |
| Fuller form of name |
(David Churchill), |
| Dates associated with a name |
1885-1965. |
| 942 ## - ADDED ENTRY ELEMENTS (KOHA) |
| Source of classification or shelving scheme |
|
| Koha item type |
Books - Non Ficton |